| 000 | 00870cam a2200253 a 4500 | ||
|---|---|---|---|
| 001 | 1613705 | ||
| 003 | NUST - PNEC | ||
| 005 | 20170116181126.0 | ||
| 008 | 950206s1995 nyua f 001 0 eng | ||
| 010 | _a 95001234 | ||
| 020 | _a0517056801 | ||
| 040 |
_aDLC _cLIBRARY _dDLC |
||
| 050 | 0 | 0 |
_aNK2115 _b.W155 1995 |
| 082 | 0 | 0 |
_a745.4 HAB _220 |
| 100 | 1 |
_aHabitat _913705 |
|
| 245 | 1 | 4 |
_aThe complete home decorator :A practical guide to decorating every room in your home _cHabitat |
| 260 |
_aNew York : _bRizzoli, _cc.1991 |
||
| 300 |
_a256 p. : _bill. (some col.) ; _c27 cm. |
||
| 500 | _aIncludes index. | ||
| 650 | 0 |
_aInterior decoration _xHandbooks, manuals, etc. |
|
| 906 |
_a7 _bcbc _corignew _d1 _eocip _f19 _gy-gencatlg |
||
| 942 |
_2ddc _cBK |
||
| 999 |
_c69764 _d69764 |
||